Science Quiz

Random Science or Elements Quiz

ChemistryElements Quiz Stats

 Plays Quiz not verified by Sporcle

Score 0/16 Timer 02:00
0 Plays Today
Symbol Name % Correct
KrKrypton
100%
BBoron
100%
MnManganese
100%
BeBeryllium
96.8%
TiTitanium
96.8%
CdCadmium
96.8%
FFluorine
90.3%
CrChromium
90.3%
Symbol Name % Correct
AsArsenic
90.3%
SeSelenium
90.3%
ScScandium
80.6%
VVanadium
80.6%
SrStrontium
80.6%
MoMolybdenum
74.2%
Bonus:what is in the middle of a lolipop?Bubble gum
6.5%
Bonus:Who is Schrodinger's cat?Snow
3.2%

You're not logged in!

Compare scores with friends on all Sporcle quizzes.
OR
Log In

Show Comments

Extras

Created Oct 20, 2010ReportNominate
Tags:Elements Quiz, spelling, symbol

Top Quizzes Today


Score Distribution

Your Account Isn't Verified!

In order to create a playlist on Sporcle, you need to verify the email address you used during registration. Go to your Sporcle Settings to finish the process.

Report this User

Report this user for behavior that violates our Community Guidelines.

Details: